[Event "Zlin Region-chT 2324"]
[Site "Czech Republic"]
[Date "2024.01.21"]
[Round "6.5"]
[White "Luksa, Zdenek"]
[Black "Oharek, Vlastimil"]
[Result "0-1"]
[WhiteElo "1913"]
[BlackElo "1663"]
[PlyCount "78"]
[EventDate "2023.10.22"]
[EventType "team-tourn"]
[EventRounds "11"]
[EventCountry "CZE"]
[SourceTitle "EXT 2025"]
[Source "ChessBase"]
[SourceDate "2024.10.14"]
[SourceVersion "1"]
[SourceVersionDate "2024.10.14"]
[SourceQuality "1"]
[WhiteTeam "Holesov"]
[BlackTeam "Vlcnov "]
[WhiteTeamCountry "CZE"]
[BlackTeamCountry "CZE"]

1. e4 c5 2. Nc3 Nc6 3. d3 e6 4. Nf3 Be7 5. e5 d6 6. exd6 Qxd6 7. Ne4 Qc7 8. Be3 b6 9. g3 Bb7 10. Bg2 Nf6 11. 0-0 Rd8 12. Qc1 0-0 13. a3 Nxe4 14. dxe4 Rd7 15. Re1 Bf6 16. Bf4 e5 17. Be3 Nd4 18. Nd2 Ba6 19. Kh1 Rfd8 20. c3 Ne6 21. Bf1 Bxf1 22. Nxf1 Qc6 23. f3 c4 24. Re2 Nc5 25. Qc2 Nb3 26. Rae1 Be7 27. Kg2 Bc5 28. Bg5 f6 29. Bc1 g5 30. Be3 h5 31. Qb1 g4 32. fxg4 hxg4 33. Bxc5 Nxc5 34. Qc2 f5 35. Nd2 f4 36. gxf4 exf4 37. Rg1 f3+ 38. Nxf3 gxf3+ 39. Kxf3+ Kf8 0-1

[Event "Zlin Region-chT 2223"]
[Site "Czech Republic"]
[Date "2022.10.23"]
[Round "2.7"]
[White "Oharek, Vlastimil"]
[Black "Brousek, Jiri"]
[Result "0-1"]
[WhiteElo "1655"]
[BlackElo "1829"]
[PlyCount "104"]
[EventDate "2022.10.09"]
[EventType "team-tourn"]
[EventRounds "11"]
[EventCountry "CZE"]
[SourceTitle "EXT 2024"]
[Source "ChessBase"]
[SourceDate "2023.10.10"]
[SourceVersion "1"]
[SourceVersionDate "2023.10.10"]
[SourceQuality "1"]
[WhiteTeam "Vlcnov  II"]
[BlackTeam "Valasska Bystrice Sokol"]
[WhiteTeamCountry "CZE"]
[BlackTeamCountry "CZE"]

1. d4 d5 2. c4 c6 3. Nc3 dxc4 4. e3 b5 5. a4 b4 6. Nb1 e5 7. Bxc4 exd4 8. Qxd4 Qxd4 9. exd4 Nf6 10. Nf3 Bd6 11. 0-0 0-0 12. Ne5 c5 13. Nf3 Bb7 14. dxc5 Bxc5 15. Nbd2 Nbd7 16. b3 Nb6 17. Be2 Rfe8 18. Bb5 Red8 19. Bb2 a6 20. Be2 Nbd5 21. Rac1 Rac8 22. h3 Nf4 23. Bc4 Nxg2 24. Be5 Ne3 25. Bxf6 gxf6 26. Rfe1 Nxc4 27. Rxc4 Rd3 28. Rg4+ Kf8 29. Rf4 Bxf3 30. Nxf3 Rxb3 31. Rxf6 Kg7 32. Rf4 Bd6 33. Rg4+ Kf6 34. Nd4 Rxh3 35. Kg2 Rh2+ 36. Kg1 Rh6 37. Ne2 Rg6 38. Rxg6+ fxg6 39. Rd1 Be5 40. f4 Bb8 41. Rd7 h5 42. Kf2 Rc6 43. Kf3 Rb6 44. Rd2 a5 45. Nd4 Rd6 46. Ke4 Ba7 47. Nb3 Rxd2 48. Nxd2 Bb8 49. Nb3 Bc7 50. Nd4 h4 51. Kf3 Bb6 52. Nb3 Kf5 0-1

[Event "Skalica Schaeffler op"]
[Site "Skalica"]
[Date "2020.08.25"]
[Round "4"]
[White "Kapolkova, Greta"]
[Black "Oharek, Vlastimil"]
[Result "0-1"]
[WhiteElo "1545"]
[BlackElo "1721"]
[PlyCount "112"]
[EventDate "2020.08.23"]
[EventType "swiss"]
[EventRounds "9"]
[EventCountry "SVK"]
[SourceTitle "CBM 198 Extra"]
[Source "ChessBase"]
[SourceDate "2020.11.30"]
[SourceVersion "1"]
[SourceVersionDate "2020.11.30"]
[SourceQuality "1"]

1. e4 c5 2. Nf3 Nc6 3. d4 cxd4 4. Nxd4 d6 5. Bc4 Nf6 6. Nc3 g6 7. 0-0 Bg7 8. Nf3 0-0 9. Bg5 a6 10. a3 b5 11. Ba2 Bb7 12. Re1 Rc8 13. Qd2 Re8 14. Rad1 Qa5 15. Bh6 b4 16. axb4 Qxb4 17. Bxg7 Kxg7 18. Rb1 h6 19. Bd5 Nxd5 20. Nxd5 Qxd2 21. Nxd2 Ne5 22. Ne3 Nc6 23. Nd5 Ne5 24. Ne3 Nc6 25. c3 Ne5 26. f3 Nd3 27. Red1 Nf4 28. g3 Ne6 29. Nb3 Bc6 30. Nd4 Nxd4 31. Rxd4 Rb8 32. Nd5 Bxd5 33. Rxd5 Rb3 34. Kf2 Reb8 35. Rd2 a5 36. Ke2 Rxc3 37. bxc3 Rxb1 38. Ra2 Rb5 39. Kd3 Kf6 40. Kc4 Rc5+ 41. Kb3 Ke5 42. Rd2 g5 43. h3 h5 44. Re2 h4 45. gxh4 gxh4 46. Rg2 Kf4 47. Rg4+ Kxf3 48. Rxh4 Kg3 49. Rh7 Re5 50. Ka4 f6 51. h4 Kf4 52. h5 Kxe4 53. h6 Kd5 54. Rh8 Ke6 55. Rg8 Rh5 56. Rg6 Kf7 0-1

[Event "Skalica Schaeffler op"]
[Site "Skalica"]
[Date "2020.08.23"]
[Round "1"]
[White "Oharek, Vlastimil"]
[Black "Sosovickova, Martina"]
[Result "1-0"]
[WhiteElo "1721"]
[BlackElo "1362"]
[PlyCount "77"]
[EventDate "2020.08.23"]
[EventType "swiss"]
[EventRounds "9"]
[EventCountry "SVK"]
[SourceTitle "CBM 198 Extra"]
[Source "ChessBase"]
[SourceDate "2020.11.30"]
[SourceVersion "1"]
[SourceVersionDate "2020.11.30"]
[SourceQuality "1"]

1. d4 d5 2. Nf3 Nf6 3. Bf4 Bf5 4. e3 c5 5. dxc5 e6 6. Nd4 Bg6 7. Bb5+ Nbd7 8. c6 bxc6 9. Bxc6 Rc8 10. 0-0 Be7 11. Nd2 Qb6 12. Ba4 0-0 13. N2f3 Qxb2 14. Ne5 Nxe5 15. Bxe5 Qb6 16. Rb1 Qa6 17. Bb5 Qxa2 18. Ra1 Qb2 19. Nc6 Qxb5 20. Nxe7+ Kh8 21. Nxc8 Rxc8 22. Bxf6 gxf6 23. Rxa7 Rxc2 24. Rxf7 Qb2 25. Ra7 Qb5 26. Qa1 Rb2 27. Re7 e5 28. Qa8+ Qb8 29. Qxb8+ Rxb8 30. Rd7 Rb5 31. Ra1 Rb8 32. Rxd5 Kg7 33. Rd7+ Kh6 34. h3 Rb6 35. Kh2 Kg5 36. Rda7 Bd3 37. Kg3 Rb4 38. R1a4 Rxa4 39. Rxa4 1-0

[Event "Skalica op"]
[Site "Skalica"]
[Date "2020.01.11"]
[Round "9"]
[White "Vach, Pavol"]
[Black "Oharek, Vlastimil"]
[Result "1-0"]
[WhiteElo "2073"]
[BlackElo "1771"]
[PlyCount "100"]
[EventDate "2020.01.11"]
[EventType "swiss"]
[EventRounds "9"]
[EventCountry "SVK"]
[SourceTitle "CBM 194 Extra"]
[Source "ChessBase"]
[SourceDate "2020.03.31"]
[SourceVersion "1"]
[SourceVersionDate "2020.03.31"]
[SourceQuality "1"]

1. d4 Nf6 2. c4 g6 3. Nc3 d5 4. Nf3 Bg7 5. Bg5 dxc4 6. e4 c6 7. Bxc4 0-0 8. 0-0 Nbd7 9. e5 Ne8 10. e6 fxe6 11. Bxe6+ Kh8 12. Be3 Ndf6 13. Ng5 Qc7 14. Qb3 h6 15. Bxc8 Qxc8 16. Ne6 Rg8 17. Nf4 Kh7 18. Qf7 Qf5 19. Qxe7 Rf8 20. Qxb7 Qc8 21. Qxc8 Rxc8 22. Rac1 Nd6 23. Na4 Nde4 24. Nc5 Rfe8 25. Rfd1 Ng4 26. Nfe6 Nxc5 27. Nxg7 Kxg7 28. dxc5 Nxe3 29. fxe3 Rxe3 30. Rd7+ Kf6 31. Rxa7 Re2 32. b4 Rb2 33. a3 Re8 34. Rf1+ Kg5 35. Raf7 Ree2 36. R7f2 Rxf2 37. Rxf2 Rb1+ 38. Rf1 Rb3 39. Ra1 Kf4 40. g3+ Kf3 41. Rf1+ Ke3 42. Rf6 g5 43. Kg2 g4 44. Re6+ Kd4 45. Rxh6 Rb2+ 46. Kf1 Ke3 47. Re6+ Kf3 48. Ke1 Rxh2 49. Rxc6 Ra2 50. b5 Kxg3 1-0

[Event "CZE-chT2E 1718"]
[Site "Czech Republic"]
[Date "2018.04.08"]
[Round "11.4"]
[White "Oharek, Vlastimil"]
[Black "Horsak, Jan"]
[Result "0-1"]
[WhiteElo "1770"]
[BlackElo "2113"]
[PlyCount "46"]
[EventDate "2017.10.15"]
[EventType "team-tourn"]
[EventRounds "11"]
[EventCountry "CZE"]
[SourceTitle "EXT 2022"]
[Source "ChessBase"]
[SourceDate "2021.10.06"]
[SourceVersion "1"]
[SourceVersionDate "2021.10.06"]
[SourceQuality "1"]
[WhiteTeam "Vlcnov"]
[BlackTeam "Stare Mesto II"]
[WhiteTeamCountry "CZE"]
[BlackTeamCountry "CZE"]

1. d4 Nf6 2. Bf4 c5 3. Nf3 cxd4 4. Nxd4 Nc6 5. Nxc6 bxc6 6. Nd2 Qb6 7. b3 Ba6 8. c3 Nd5 9. Bg3 Nxc3 10. Qc2 Nd5 11. a3 g6 12. Be5 f6 13. Bb2 Bh6 14. Nc4 Bxc4 15. Qxc4 Rb8 16. b4 Qc7 17. Qh4 Bf4 18. e4 Be5 19. exd5 Bxb2 20. Ra2 cxd5 21. Qg4 Qc3+ 22. Ke2 d4 23. Qf4 Rc8 0-1

[Event "Stare Mesto op"]
[Site "Stare Mesto"]
[Date "2010.08.13"]
[Round "1"]
[White "Vilaisarn, Akkhavanh"]
[Black "Oharek, Vlastimil"]
[Result "1/2-1/2"]
[WhiteElo "2300"]
[BlackElo "1835"]
[PlyCount "80"]
[EventDate "2010.08.13"]
[EventType "swiss"]
[EventRounds "10"]
[EventCountry "CZE"]
[SourceTitle "CBM 138 Extra"]
[Source "ChessBase"]
[SourceDate "2010.10.29"]
[SourceVersion "1"]
[SourceVersionDate "2010.10.29"]
[SourceQuality "1"]

1. d4 d5 2. Bf4 Nf6 3. e3 Bf5 4. c4 e6 5. Nc3 a6 6. Qb3 b6 7. Nf3 dxc4 8. Bxc4 Bd6 9. Ne5 c6 10. h3 h6 11. Be2 0-0 12. g4 Bh7 13. g5 hxg5 14. Bxg5 Be7 15. Rg1 Kh8 16. Bf3 Qc7 17. Rc1 Ra7 18. h4 Ng8 19. Bxe7 Nxe7 20. h5 b5 21. Ne4 Nd7 22. Nxd7 Qxd7 23. Ng5 Nd5 24. Ke2 Rc7 25. Be4 Bxe4 26. Nxe4 a5 27. Rg3 Qe7 28. Rcg1 Rg8 29. Rg5 f6 30. Rg6 e5 31. Qd3 Qb4 32. dxe5 Qxb2+ 33. Nd2 Qxe5 34. Kf1 Re7 35. Qb3 Qa1+ 36. Kg2 Qe5 37. Kf1 Qa1+ 38. Kg2 Qe5 39. Kf1 Qa1+ 40. Kg2 Qe5 1/2-1/2

[Event "Stare Mesto op"]
[Site "Stare Mesto"]
[Date "2008.08.08"]
[Round "1"]
[White "Jurcik, Martin"]
[Black "Oharek, Vlastimil"]
[Result "1-0"]
[WhiteElo "2352"]
[BlackElo "1867"]
[PlyCount "49"]
[EventDate "2008.08.08"]
[EventType "swiss"]
[EventRounds "10"]
[EventCountry "CZE"]
[SourceTitle "CBM 125 Extra"]
[Source "ChessBase"]
[SourceDate "2008.09.01"]
[SourceVersion "1"]
[SourceVersionDate "2008.09.01"]
[SourceQuality "1"]

1. e4 d5 2. exd5 Nf6 3. Bb5+ Bd7 4. Be2 Nxd5 5. d4 e6 6. c4 Nf6 7. Nf3 Be7 8. 0-0 0-0 9. Nc3 c6 10. Bf4 Na6 11. Ne5 Nc7 12. Qd3 a6 13. Qg3 Kh8 14. Nxd7 Qxd7 15. Bxc7 Qxd4 16. Rad1 Qc5 17. Be5 Rg8 18. Rd4 Ne8 19. Rd7 f6 20. Ne4 Qxe5 21. Qxe5 fxe5 22. Rxe7 Nf6 23. Ng5 h6 24. Nf7+ Kh7 25. Nxe5 1-0